Hóa học phức chất

Uloženo v:
Podrobná bibliografie
Hlavní autor: F B Glikina
Médium: Kniha
Jazyk:Undetermined
Vydáno: Hà Nội Giáo dục 1981
Témata:
Tagy: Přidat tag
Žádné tagy, Buďte první, kdo otaguje tento záznam!
Thư viện lưu trữ: Trung tâm Học liệu Trường Đại học Cần Thơ
LEADER 00584nam a2200205Ia 4500
001 CTU_2863
008 210402s9999 xx 000 0 und d
082 |a 546.345 
082 |b G559 
100 |a F B Glikina 
245 0 |a Hóa học phức chất 
245 0 |c F B Glikina, N G Kliutnikov; Dịch giả: Lê Chí Kiên 
260 |a Hà Nội 
260 |b Giáo dục 
260 |c 1981 
526 |a TT. Hóa vô cơ 2 
526 |b TN107 
650 |a chemistry, inorganic 
904 |i Minh, 960830 
980 |a Trung tâm Học liệu Trường Đại học Cần Thơ